| 000 | 01388nam a2200205Ia 4500 | ||
|---|---|---|---|
| 005 | 20250325154409.0 | ||
| 008 | 241212s9999 xx 000 0 und d | ||
| 020 |
_a9789389253221 _qpbk |
||
| 041 | _aeng | ||
| 082 |
_a324.25456 _bNAQ |
||
| 100 | _aNaqvi, Saba | ||
| 245 | 0 | _aCapital Conquest | |
| 260 |
_bHachette, _c2020 _aIndia |
||
| 300 |
_axi, 202p. _c21 cm. |
||
| 504 | _aindex | ||
| 520 | _aIn 2013, Delhi surprisingly voted the AAP, led by Arvind Kejriwal, into 28 seats out of 70. When Kejriwal resigned as CM 49 days after he was sworn in, the AAP was dismissed as inexperienced and unorganized. After its dismal performance in the 2014 general elections no one believed it had a second chance. Until the 2015 Delhi elections.Winning 67 out of 70 seats, it demonstrated how a party that radically challenges norms of Indian politics can bounce back from defeat. The AAP campaign ticked the right boxes with the promise of populism and a city-wide network of volunteers. In Capital Conquest, political journalist Saba Naqvi details the AAP’s ingenious election campaign, delving into little-known instances of the party’s inner workings, revealing how Kejriwal inspired volunteers and lending fresh insight into the recent sidelining of its members. | ||
| 650 | _aAam Aadmi Party | ||
| 650 | _aDelhi (India) Politics and government 21st century | ||
| 942 | _cENGLISH | ||
| 999 |
_c566664 _d566664 |
||